[Event "Richmond Keres Memorial 44th"]
[Site "Richmond"]
[Date "2019.05.20"]
[Round "5"]
[White "Sadoughian Zadeh, Farshad"]
[Black "Salcedo, Daniel"]
[Result "1-0"]
[WhiteElo "2110"]
[BlackElo "2021"]
[PlyCount "59"]
[EventDate "2019.05.18"]
[EventType "swiss"]
[EventRounds "6"]
[EventCountry "CAN"]
[SourceTitle "CBM 190 Extra"]
[Source "ChessBase"]
[SourceDate "2019.07.15"]
[SourceVersion "1"]
[SourceVersionDate "2019.07.15"]
[SourceQuality "1"]

1. d4 Nf6 2. c4 g6 3. g3 Bg7 4. Bg2 0-0 5. Nf3 d6 6. 0-0 c6 7. Nc3 Qa5 8. h3 Qb4 9. Nd2 e5 10. a3 Qb6 11. c5 Qd8 12. dxe5 dxe5 13. Qc2 Na6 14. b4 Nc7 15. Nc4 Qe7 16. Bb2 Nfe8 17. Rad1 f5 18. Nd6 Ne6 19. e3 Nxd6 20. cxd6 Qf7 21. f4 Bd7 22. Na4 exf4 23. exf4 Bxb2 24. Nxb2 Rac8 25. Nc4 Qf6 26. Ne5 Rfd8 27. Rfe1 Kg7 28. Qf2 b6 29. g4 fxg4 30. Nxg4 1-0

[Event "Richmond Keres Memorial 44th"]
[Site "Richmond"]
[Date "2019.05.19"]
[Round "3"]
[White "Chung, Alec"]
[Black "Sadoughian Zadeh, Farshad"]
[Result "0-1"]
[WhiteElo "1797"]
[BlackElo "2110"]
[PlyCount "68"]
[EventDate "2019.05.18"]
[EventType "swiss"]
[EventRounds "6"]
[EventCountry "CAN"]
[SourceTitle "CBM 190 Extra"]
[Source "ChessBase"]
[SourceDate "2019.07.15"]
[SourceVersion "1"]
[SourceVersionDate "2019.07.15"]
[SourceQuality "1"]

1. c4 f5 2. g3 Nf6 3. Bg2 g6 4. Nc3 Bg7 5. d3 0-0 6. Nf3 d6 7. 0-0 Nc6 8. a3 a5 9. Bd2 e5 10. Qc2 h6 11. Ne1 f4 12. e3 fxg3 13. fxg3 Bf5 14. Qc1 Kh7 15. e4 Bg4 16. h3 Be6 17. Nc2 Qd7 18. Kh2 Rf7 19. b4 axb4 20. axb4 Raf8 21. b5 Nd4 22. Nxd4 exd4 23. Ne2 Nh5 24. Rxf7 Rxf7 25. Ra7 b6 26. Qe1 Be5 27. Bc1 Qe7 28. Qd2 g5 29. Qd1 Qf6 30. Bd2 Nxg3 31. Nxg3 Qf2 32. Kh1 Qxg3 33. Qg1 Bxh3 34. Ra1 Rf2 0-1

[Event "Richmond Keres Memorial 44th"]
[Site "Richmond"]
[Date "2019.05.18"]
[Round "2"]
[White "Sadoughian Zadeh, Farshad"]
[Black "Burke, Paul"]
[Result "1-0"]
[WhiteElo "2110"]
[BlackElo "1972"]
[PlyCount "77"]
[EventDate "2019.05.18"]
[EventType "swiss"]
[EventRounds "6"]
[EventCountry "CAN"]
[SourceTitle "CBM 190 Extra"]
[Source "ChessBase"]
[SourceDate "2019.07.15"]
[SourceVersion "1"]
[SourceVersionDate "2019.07.15"]
[SourceQuality "1"]

1. d4 Nf6 2. c4 c5 3. d5 Ne4 4. Qc2 Qa5+ 5. Nd2 f5 6. f3 Nd6 7. e4 fxe4 8. fxe4 g6 9. Ngf3 Bg7 10. Be2 0-0 11. 0-0 Na6 12. a3 Nf7 13. Nb3 Qd8 14. Bf4 d6 15. Rad1 Bd7 16. Nc1 Nc7 17. Nd3 b5 18. b3 a5 19. e5 Bf5 20. e6 Ne5 21. Nfxe5 dxe5 22. Be3 a4 23. Rxf5 Rxf5 24. Nxc5 axb3 25. Qxb3 bxc4 26. Bxc4 Rb8 27. Qd3 Ne8 28. g4 e4 29. Nxe4 Re5 30. Bf4 Rb2 31. Bxe5 Bxe5 32. Rd2 Qb6+ 33. Kg2 Rb1 34. Rf2 Bd4 35. Qf3 Nf6 36. Nxf6+ exf6 37. e7 Kf7 38. d6+ Ke8 39. Qa8+ 1-0

[Event "Keres Memorial 43th"]
[Site "Vancouver"]
[Date "2018.05.21"]
[Round "6"]
[White "Kitsis, Stanislav"]
[Black "Sadoughian Zadeh, Farshad"]
[Result "1-0"]
[WhiteElo "2062"]
[BlackElo "2011"]
[PlyCount "51"]
[EventDate "2018.05.19"]
[EventType "swiss"]
[EventRounds "6"]
[EventCountry "CAN"]
[SourceTitle "EXT 2019"]
[Source "ChessBase"]
[SourceDate "2018.10.10"]
[SourceVersion "1"]
[SourceVersionDate "2018.10.10"]
[SourceQuality "1"]

1. d4 Nf6 2. Bf4 g6 3. Nc3 Bg7 4. e4 d6 5. Qd2 0-0 6. 0-0-0 c6 7. f3 b5 8. g4 b4 9. Nce2 a5 10. Bh6 a4 11. Bxg7 Kxg7 12. Qxb4 Nfd7 13. h4 Na6 14. Qc3 Kg8 15. Qxc6 Nb6 16. a3 Bd7 17. Qc3 Qb8 18. Nf4 Rc8 19. Qe3 Nc7 20. h5 Rf8 21. hxg6 fxg6 22. Nxg6 hxg6 23. Rh8+ Kxh8 24. Qh6+ Kg8 25. Qxg6+ Kh8 26. Rd2 1-0

[Event "British Columbia op"]
[Site "Richmond"]
[Date "2018.02.11"]
[Round "4.9"]
[White "Zhou, Aiden"]
[Black "Sadoughian Zadeh, Farshad"]
[Result "1-0"]
[WhiteElo "2019"]
[BlackElo "2099"]
[PlyCount "85"]
[EventDate "2018.02.10"]
[EventType "swiss"]
[EventRounds "6"]
[EventCountry "CAN"]
[SourceTitle "EXT 2022"]
[Source "ChessBase"]
[SourceDate "2021.10.06"]
[SourceVersion "1"]
[SourceVersionDate "2021.10.06"]
[SourceQuality "1"]

1. d4 Nf6 2. c4 g6 3. Nc3 Bg7 4. e4 d6 5. Bd3 0-0 6. Nge2 Nc6 7. 0-0 e5 8. d5 Ne7 9. f3 Nd7 10. Be3 f5 11. b4 f4 12. Bf2 g5 13. c5 Rf6 14. Rc1 Rh6 15. Nb5 a6 16. cxd6 axb5 17. dxe7 Qxe7 18. Rxc7 Qd8 19. Rc2 Nf8 20. Nc3 Qe8 21. Nxb5 Qh5 22. h3 Bxh3 23. gxh3 Qxh3 24. Bc5 g4 25. fxg4 Rg6 26. Rg2 Rxa2 27. Rxa2 Rxg4+ 28. Kf2 Rg2+ 29. Ke1 Rxa2 30. Qf3 Qh2 31. Rf2 Qg1+ 32. Bf1 Ra1+ 33. Kd2 Qg6 34. Bc4 Qa6 35. Rf1 Nd7 36. Rxa1 Qxa1 37. Qa3 Qh1 38. Qa8+ Kf7 39. d6+ Kg6 40. Qe8+ Kh6 41. Qxd7 Qxe4 42. Qh3+ Kg5 43. Bd3 1-0

[Event "White Rock Semiahmoo op"]
[Site "White Rock"]
[Date "2017.08.07"]
[Round "5.8"]
[White "Sadoughian Zadeh, Farshad"]
[Black "Ferguson, Peter"]
[Result "1-0"]
[WhiteElo "2130"]
[BlackElo "2143"]
[PlyCount "49"]
[EventDate "2017.08.05"]
[EventType "swiss"]
[EventRounds "6"]
[EventCountry "CAN"]
[SourceTitle "EXT 2022"]
[Source "ChessBase"]
[SourceDate "2021.10.06"]
[SourceVersion "1"]
[SourceVersionDate "2021.10.06"]
[SourceQuality "1"]

1. d4 g6 2. c4 Bg7 3. g3 Nh6 4. Bg2 0-0 5. Nf3 d6 6. Nc3 Nd7 7. d5 a6 8. h3 e5 9. dxe6 fxe6 10. 0-0 Nf7 11. Be3 Bh6 12. Qd2 Bxe3 13. Qxe3 e5 14. Rad1 h6 15. Nh4 Kg7 16. Qd3 Nh8 17. Qc2 Nc5 18. b4 Ne6 19. e3 Ng5 20. Kh2 Qd7 21. f4 exf4 22. exf4 Nxh3 23. Nd5 h5 24. Rde1 Rf7 25. Qc3+ 1-0

[Event "British Columbia op"]
[Site "Richmond"]
[Date "2017.02.13"]
[Round "6.7"]
[White "Salcedo, Daniel"]
[Black "Sadoughian Zadeh, Farshad"]
[Result "0-1"]
[WhiteElo "1997"]
[BlackElo "2090"]
[PlyCount "94"]
[EventDate "2017.02.11"]
[EventType "swiss"]
[EventRounds "6"]
[EventCountry "CAN"]
[SourceTitle "EXT 2022"]
[Source "ChessBase"]
[SourceDate "2021.10.06"]
[SourceVersion "1"]
[SourceVersionDate "2021.10.06"]
[SourceQuality "1"]

1. d4 Nf6 2. c4 g6 3. Nc3 Bg7 4. e4 d6 5. Nf3 0-0 6. Be2 e5 7. d5 a5 8. Bg5 h6 9. Bh4 Na6 10. Nd2 Qe8 11. g4 Nh7 12. a3 Bd7 13. b3 Kh8 14. Nf1 Nc5 15. a4 f5 16. gxf5 gxf5 17. Bh5 Qc8 18. f3 fxe4 19. fxe4 Nxe4 20. Nxe4 Rf4 21. Nfg3 Rxh4 22. 0-0 Rf4 23. Ra2 Bh3 24. Rff2 Qd8 25. Qd3 Qh4 26. Bg6 Nf6 27. Nxf6 Qxf6 28. Be4 Rf8 29. Qe3 Qg5 30. Qc1 h5 31. Bg2 Bf5 32. Kh1 Bg6 33. Ne4 Qh4 34. Ng3 Qf6 35. Kg1 Bh6 36. Nf1 Qg5 37. Qd2 h4 38. h3 Be4 39. Rxf4 exf4 40. Qe1 Bg6 41. Qd2 Qh5 42. Qc3+ Bg7 43. Qf3 Qe5 44. Re2 Qd4+ 45. Kh2 Rf5 46. Qg4 f3 47. Bxf3 Qxg4 0-1

[Event "British Columbia op"]
[Site "Richmond"]
[Date "2017.02.11"]
[Round "2.4"]
[White "Doknjas, Joshua"]
[Black "Sadoughian Zadeh, Farshad"]
[Result "1/2-1/2"]
[WhiteElo "2208"]
[BlackElo "2090"]
[PlyCount "109"]
[EventDate "2017.02.11"]
[EventType "swiss"]
[EventRounds "6"]
[EventCountry "CAN"]
[SourceTitle "EXT 2022"]
[Source "ChessBase"]
[SourceDate "2021.10.06"]
[SourceVersion "1"]
[SourceVersionDate "2021.10.06"]
[SourceQuality "1"]

1. e4 e6 2. d4 d5 3. Nc3 Nf6 4. Bg5 Be7 5. e5 Nfd7 6. Bxe7 Qxe7 7. f4 a6 8. Nf3 c5 9. dxc5 Nc6 10. Qd2 Nxc5 11. a3 b5 12. b4 Nd7 13. Bd3 Bb7 14. 0-0 Rd8 15. Ne2 g6 16. Qe3 Rc8 17. Ned4 Qd8 18. Nb3 0-0 19. Kh1 Ne7 20. Qe1 Re8 21. Qh4 Nf5 22. Qh3 Qe7 23. Rae1 Qf8 24. Nbd4 Nxd4 25. Nxd4 Qg7 26. Re3 Rc7 27. f5 exf5 28. Nxf5 gxf5 29. Rg3 Nxe5 30. Rxg7+ Kxg7 31. Bxf5 Ng6 32. Qg3 Rce7 33. Bd3 Re5 34. Qf2 R8e7 35. Qd4 Kg8 36. h3 Re3 37. Kg1 R3e5 38. Rf5 Re1+ 39. Kh2 Rd1 40. Rf1 Rd2 41. Rf2 Rd1 42. Qf6 Rde1 43. Bxg6 hxg6 44. Rf4 R1e6 45. Qd4 Re5 46. Rh4 Kg7 47. Qd2 Re3 48. Qd4+ R3e5 49. Qb6 Bc8 50. Rf4 R5e6 51. Qd4+ Re5 52. Rf3 Bf5 53. Re3 Be4 54. Qa1 Kg8 55. Qd4 1/2-1/2

[Event "British Columbia-op"]
[Site "Richmond"]
[Date "2016.02.06"]
[Round "2.9"]
[White "McLaren, Brian"]
[Black "Sadoughian Zadeh, Farshad"]
[Result "0-1"]
[WhiteElo "2086"]
[BlackElo "1900"]
[PlyCount "44"]
[EventDate "2016.02.06"]
[EventType "swiss"]
[EventRounds "6"]
[EventCountry "CAN"]
[SourceTitle "EXT 2022"]
[Source "ChessBase"]
[SourceDate "2021.10.06"]
[SourceVersion "1"]
[SourceVersionDate "2021.10.06"]
[SourceQuality "1"]

1. e4 e6 2. d4 d5 3. Nc3 Nf6 4. e5 Nfd7 5. f4 c5 6. Nf3 Nc6 7. Ne2 b5 8. Be3 b4 9. h4 Ba6 10. h5 Rc8 11. Qd2 Qb6 12. Ng3 Bxf1 13. Kxf1 Nxd4 14. Nxd4 cxd4 15. Bxd4 Bc5 16. c3 bxc3 17. bxc3 Bxd4 18. cxd4 0-0 19. Kg1 Rc4 20. Ne2 Rfc8 21. Rh3 Rc2 22. Qe3 Rxe2 0-1

[Event "British Columbia-op"]
[Site "Richmond"]
[Date "2016.02.06"]
[Round "1.7"]
[White "Sadoughian Zadeh, Farshad"]
[Black "Moore, Harry"]
[Result "1/2-1/2"]
[WhiteElo "1900"]
[BlackElo "2213"]
[PlyCount "98"]
[EventDate "2016.02.06"]
[EventType "swiss"]
[EventRounds "6"]
[EventCountry "CAN"]
[SourceTitle "EXT 2022"]
[Source "ChessBase"]
[SourceDate "2021.10.06"]
[SourceVersion "1"]
[SourceVersionDate "2021.10.06"]
[SourceQuality "1"]

1. d4 Nf6 2. c4 g6 3. g3 Bg7 4. Bg2 d5 5. Nf3 0-0 6. cxd5 Nxd5 7. 0-0 Nb6 8. Nc3 Nc6 9. e3 Re8 10. h3 a5 11. Ne1 e5 12. d5 Nb4 13. e4 c6 14. a3 Na6 15. Be3 Nc4 16. Qe2 Nxe3 17. Qxe3 Bf8 18. Nd3 cxd5 19. Nxd5 Be6 20. Nb6 Bc5 21. Nxc5 Qxb6 22. Nxe6 Qxe3 23. fxe3 Rxe6 24. Rad1 Rc8 25. Rd7 Rc7 26. Rfxf7 Rxd7 27. Rxd7 Rb6 28. Rd5 Rxb2 29. Rxa5 Rb3 30. Kf2 Rc3 31. Rxe5 Nc5 32. Rd5 b6 33. Rd6 b5 34. Rd5 Kf7 35. Kf3 Rc1 36. h4 h5 37. Bh3 Rc3 38. Bf1 Ne6 39. Rxb5 Nd4+ 40. Kf4 Nxb5 41. Bxb5 Rxa3 42. Bc4+ Ke7 43. Be2 Ra2 44. Bf3 Rf2 45. g4 hxg4 46. Kxg4 Rh2 47. Kg5 Rh3 48. Kg4 Rh2 49. Kg5 Rh3 1/2-1/2